Best Rappers+Groups OAT (IMO) - Statistics

General Stats
  • This quiz has been taken 60 times
  • The average score is 34 of 59
Answer Stats
Song Album Answer % Correct
Brenda's got a Baby 2Pacalypse Now 2Pac
98%
Good Life Donda Kanye West
98%
i DAMN. Kendrick Lamar
98%
Hard Knock Life The Blueprint Jay-Z
95%
Juicy Ready To Die The Notorious B.I.G.
95%
Stan Marshall Mathers LP Eminem
93%
Wet Dreamz 2014 Forest Hills Drive J. Cole
93%
6 Foot 7 Foot Tha Carter III Lil Wayne
93%
Gin and Juice Doggystyle Snoop Dogg
88%
SAD! ? XXXTentacion
88%
It Ain't Hard to tell Stillmatic Nas
86%
Hurt Me Legends Never Die Juice WRLD
81%
Push Ups More Life Drake
79%
Straight Outta Compton Straight Outta Compton N.W.A.
79%
20 min Luv is Rage 2 Lil Uzi Vert
72%
Fight The Power It Takes a Nation of Millions to Hold us Back Public Enemy
72%
Black and Yellow Rolling Papers Wiz Khalifa
72%
Runnin' I Am>I Was 21 Savage
70%
Gangsta's Paradise Soul on Ice Coolio
70%
The Watcher 2001 Dr. Dre
70%
Drugs You Should Try it Days Before Rodeo Travis Scott
70%
Sticky Cherry Bomb Tyler, The Creator
70%
Check yo Self AmeriKKKa's Most Wanted Ice Cube
67%
ROCKSTAR Blame It On Baby DaBaby
65%
ZEZE Dying To Live Kodak Black
65%
The Box Please Excuse me for Being Antisocial Roddy Ricch
65%
What's Poppin Come Home the Kids Miss You Jack Harlow
63%
Stir Fry Culture Migos
63%
Love Sosa Almighty So 2 Chief Keef
60%
ZOOM DS2 Future
60%
Praise The Lord TESTING A$AP ROCKY
58%
Yeah! Confessions Usher
56%
The Way You Move ATLiens Outkast
53%
Party Up It's Dark and Hell is Hot DMX
49%
Cardigan Life of a DON Don Toliver
49%
All My Life Almost Healed Lil Durk
49%
This Could Be Us SremmLife Rae Sremmurd
49%
Prada Dem One of Wun Gunna
47%
151 Rum DiCaprio 2 JID
47%
Camelot Cottonwood 2.0 NLE Choppa
47%
SAY MY GRACE WITHOUT WARNING Offset
47%
Kick, Push ____ ______'_ Food and Liquor Lupe Fiasco
42%
Breathe 2093 Yeat
42%
6locc 6a6y CRIPTAPE Lil Loaded
37%
Right Foot Creep Top NBA Youngboy
37%
Peter Piper Raising Hell Run DMC
37%
The Search CLOUDS NF
35%
Casper The Last Rocket Takeoff
33%
Vomit Super What? MF DOOM
30%
Buy U a Drank Epiphany T-Pain
30%
223's I AM YOU YNW Melly
30%
Sound of Da Police Return of the Boom Bap KRS-One
28%
Bad Meets Evil Hell: The Sequel Bad Meets Evil
26%
Wall to Wall ROCKET POWER Quavo
26%
Pump It Elephunk Black Eyed Peas
23%
Murdergram Deux THE FORCE LL Cool J
23%
Purple Pills Devil's Night D12
21%
Amigo Virgo World Lil Tecca
19%
Guess who's Back Paid in Full Rakim & Eric B.
19%
No matching quizzes found
Score Distribution
Percent of People with Each Score
Percentile by Number Answered
Your Score History
You have not taken this quiz